000 01174nam a2200481Ia 4500
001 4273
005 20240113233725.0
007 ta
008 050610s1988 g b000 u asm u
020 _cRs. 35.00 (HB)
040 _aCotton College,Assam
041 _aasm
082 _a891.41
_bRo 13 Br
100 _aRoy Choudhury, Bhupendra .
245 0 _aBrajabuli Sahitya Mukur /
_cBhupendra Roy Choudhury.
_hTextual Documents
250 _a1st ed. /
260 _aGuwahati :
_bRamray Prakashan ,
_c1988.
300 _a223p. ;
_c21cm.
365 _aRs. 35.00
653 _aAssamese Literature-Brajabuli
653 _aBrajabuli Literature
653 _aMS-Assamese
653 _aPG-Assamese
653 _aG-Assamese
653 _aT/G- Assamese
653 _aT/MS-Assamese
653 _aT/PG- Assamese
942 _2ddc
_cBK
999 _c4260
_d4260